| 000 | 00794nam a22002297a 4500 | ||
|---|---|---|---|
| 999 |
_c18630 _d18630 |
||
| 003 | AR-CdUCM | ||
| 008 | 190514b ||||| |||| 00| 0 spa d | ||
| 040 |
_aMUNICIPALIDAD PROVINCIAL DEL CUSCO _cBIBLIOTECA MUNICIPAL DEL CUSCO |
||
| 082 |
_a974.02 / _bC29 |
||
| 100 |
_aCastañeda Iturbide, Jaime _939330 |
||
| 245 | _aGobernantes de la nueva España / | ||
| 260 |
_aMéxico : _bSecretaria general de desarrollo social, _c1985. |
||
| 300 |
_a163 páginas ; _bIlustraciones, _c22 cm. |
||
| 440 |
_aColección distrito federal ; _n9 _939331 |
||
| 505 | _aContenido: t.1. 1535 - 1696 ... | ||
| 650 |
_aHistoria _9136 |
||
| 650 |
_aGobernantes _939332 |
||
| 650 |
_aNueva España _93824 |
||
| 710 |
_aDepartamento del distrito federal _912486 |
||
| 942 |
_2ddc _cLIBROS |
||
| 945 |
_aacv _d2019-05-14 |
||